[Event "58th ch-GRE"]
[Site "Rhodes GRE"]
[Date "2008.12.05"]
[Round "6"]
[White "Banikas,H"]
[Black "Dagkakis,P"]
[Result "1-0"]
[WhiteElo "2572"]
[BlackElo "2272"]

1.d4 Nf6 2.c4 e6 3.Nf3 c5 4.d5 d6 5.Nc3 exd5 6.cxd5 g6 7.Bf4 a6 8.e4 b5 9.Qe2 Be7
10.Qc2 O-O 11.a4 b4 12.Nd1 b3 13.Qb1 Re8 14.Bd3 c4 15.Be2 Nbd7 16.Nd2 Nc5
17.O-O Bf8 18.Nc3 Qc7 19.Rc1 Qe7 20.f3 Nh5 21.Be3 Qh4 22.Nxc4 Bd7 23.Bf1 Rab8
24.g3 Qd8 25.Re1 Rb4 26.a5 f5 27.exf5 Bxf5 28.Qd1 Bc2 29.Qd2 Rb8 30.Bd4 Be7
31.Re3 Rf8 32.f4 Ng7 33.Bxc5 dxc5 34.Ne5 Qc7 35.Nc6 Bf6 36.Nxb8 Qxb8 37.Ree1 Nf5
38.Kh1 Nd4 39.Qf2 Qb7 40.Bg2 Bg7 41.Ra4 Bf5 42.Rd1 Re8 43.Rc4 Qe7 44.Na4 Bg4
45.Rdc1 Ne2 46.Nxc5 Bxb2 47.Rf1 Bg7 48.Re4 Qd8 49.Ne6 Bxe6 50.dxe6 Nc3 51.Rb4 Rxe6
52.Rxb3 Bd4 53.Qf3 Qf6 54.Qa8+ Kg7 55.Rb7+ Re7 56.Rxe7+ Qxe7 57.Qxa6 Ne4
58.Qb5 Kh6 59.Bf3 Nd2 60.Qg5+ Qxg5 61.fxg5+ Kxg5 62.Rd1 Nxf3 63.Kg2  1-0

[Event "58th ch-GRE"]
[Site "Rhodes GRE"]
[Date "2008.12.10"]
[Round "11"]
[White "Nikolaidis,I"]
[Black "Mastrovasilis,A"]
[Result "1/2-1/2"]
[WhiteElo "2529"]
[BlackElo "2495"]

1.d4 Nf6 2.c4 e6 3.Nf3 c5 4.d5 d6 5.Nc3 exd5 6.cxd5 g6 7.Nd2 Bg7 8.e4 O-O
9.Be2 Na6 10.O-O Nc7 11.Rb1 Nfe8 12.Qc2 f5 13.b4 cxb4  1/2-1/2

[Event "III Open"]
[Site "Palma de Mallorca ESP"]
[Date "2008.12.11"]
[Round "6"]
[White "Garcia Roman,D"]
[Black "Edouard,R"]
[Result "0-1"]
[WhiteElo "2446"]
[BlackElo "2531"]

1.d4 Nf6 2.c4 c5 3.d5 e6 4.Nc3 exd5 5.cxd5 d6 6.Nf3 g6 7.h3 Bg7 8.e4 a6 9.a4 Nbd7
10.Bd3 Nh5 11.Bg5 Bf6 12.Bd2 Ne5 13.Be2 Nxf3+ 14.Bxf3 Ng7 15.a5 O-O 16.O-O Bd7
17.Na4 Rb8 18.Nb6 Bxb2 19.Rb1 Bf6 20.Bf4 Bb5 21.Be2 Re8 22.Bxb5 axb5 23.Rxb5 Rxe4
24.Qf3 Rd4 25.Be3 Nf5 26.Bxd4 Nxd4 27.Qd3 Nxb5 28.Qxb5 Bd4 29.Nc4 Kf8 30.Qb3 Qe7
31.Rb1 Re8 32.Rf1 Qh4 33.Nxd6 Bxf2+ 34.Kh1 Re3 35.Qxe3 Bxe3 36.Nxf7 Qc4  0-1

[Event "TCh-NED 2008-9"]
[Site "Netherlands NED"]
[Date "2008.12.13"]
[Round "4"]
[White "Van de Griendt,JW"]
[Black "Huizer,M"]
[Result "1-0"]
[WhiteElo "2357"]
[BlackElo "2195"]

1.d4 Nf6 2.c4 e6 3.Nf3 c5 4.d5 exd5 5.cxd5 d6 6.Nc3 g6 7.e4 Bg7 8.h3 a6 9.a4 O-O
10.Bd3 Nh5 11.O-O Nd7 12.Bg5 Bf6 13.Be3 Qc7 14.Rc1 Rb8 15.Nd2 Ng7 16.Re1 Ne5
17.Bf1 g5 18.Nf3 Qe7 19.Nxe5 Bxe5 20.Qd2 h6 21.g4 Qf6 22.Rc2 Bd7 23.b3 b5
24.axb5 axb5 25.Ne2 Qg6 26.Bg2 h5 27.f3 f6 28.Kf2 b4 29.Rg1 Bh2 30.Rh1 Be5
31.Rg1 Bh2 32.Rh1 Be5 33.f4 gxf4 34.Nxf4 Qf7 35.Bf3 Bc3 36.Qc1 h4 37.Rg1 Ra8
38.Qd1 Bb5 39.Be2 Ra1 40.Rc1 Ra2 41.Rc2 Ra1 42.Rc1 Ra2 43.Kf3 Bxe2+ 44.Nxe2 Be5
45.Rc2 Ra1 46.Qd3 Rxg1 47.Nxg1 Qg6 48.Ke2 Re8 49.Nf3 Bc3 50.e5 Qxd3+ 51.Kxd3 Bxe5
52.Nxh4 Kf7 53.Ra2 Re7 54.Bh6 Rb7 55.Bxg7 Kxg7 56.Nf5+ Kg6 57.h4 Rc7 58.Kc4 Bf4
59.Ra8 Rd7 60.Rg8+ Kh7 61.Re8 Ra7 62.Rd8 Ra1 63.Nxd6 Bxd6 64.Rxd6 Rc1+ 65.Kb5 c4
66.Kxb4 c3 67.Rc6 c2 68.d6  1-0

[Event "GiTelecom Finals"]
[Site "ICC INT"]
[Date "2008.12.14"]
[Round "3.3"]
[White "Vovk,Y"]
[Black "Perez Ponsa,F"]
[Result "1-0"]
[WhiteElo "2549"]
[BlackElo "2363"]

1.d4 Nf6 2.c4 e6 3.Nc3 c5 4.d5 exd5 5.cxd5 d6 6.Nf3 g6 7.Bf4 Bg7 8.Qa4+ Bd7
9.Qb3 b5 10.Bxd6 Qb6 11.Be5 c4 12.Qd1 O-O 13.e3 b4 14.Na4 Qa5 15.b3 c3 16.Bc4 Na6
17.Qd4 Nh5 18.O-O Rfe8 19.Bxg7 Nxg7 20.e4 Rac8 21.a3 Rxc4 22.Qxc4 Bb5 23.axb4 Bxc4
24.bxa5 Bxf1 25.Kxf1 Rxe4 26.Nxc3 Rb4 27.Nd2 Nf5 28.Ra4 Rb8 29.Rc4 Kg7 30.g4 Ne7
31.d6 Ng8 32.Nd5 Rd8 33.Ne4 f5 34.gxf5 gxf5 35.Ng3 Nh6 36.Rc6 Nb8 37.Rc7+ Kg6
38.Nf4+ Kf6 39.Rxh7 Ng4 40.h3 Ne5 41.h4 Nf7 42.Ngh5+  1-0

[Event "GiTelecom Finals"]
[Site "ICC INT"]
[Date "2008.12.14"]
[Round "3.1"]
[White "Vovk,Y"]
[Black "Perez Ponsa,F"]
[Result "1-0"]
[WhiteElo "2549"]
[BlackElo "2363"]

1.d4 Nf6 2.c4 c5 3.d5 e6 4.Nc3 exd5 5.cxd5 d6 6.Nf3 g6 7.Bf4 a6 8.a4 Bg7
9.h3 O-O 10.e3 Nh5 11.Bh2 f5 12.Be2 f4 13.O-O Nd7 14.Qd2 fxe3 15.fxe3 Qe7
16.a5 Bh6 17.Nd1 Ndf6 18.g4 Bxg4 19.hxg4 Nxg4 20.Ra4 Nxe3 21.Re1 Rae8 22.Qd3 Nxd1
23.Bxd1 Qf6 24.Rae4 Rxe4 25.Qxe4 Ng7 26.Qe7 Qxb2 27.Bxd6 Nf5 28.Qe6+ Rf7
29.Qe8+ Bf8 30.Bxf8 Rxf8 31.Qe6+ Rf7 32.d6 Nd4 33.Qe8+ Kg7 34.Qe5+ Kg8 35.d7 Rf8
36.Qd5+ Kg7 37.Qe5+ Kg8 38.Qe7 Nxf3+ 39.Bxf3 Qd4+ 40.Kg2 Qd2+ 41.Re2 Qd4
42.Qxf8+ Kxf8 43.Re8+ Kf7 44.d8=Q Qb2+ 45.Re2  1-0

[Event "15th Croatian Open A"]
[Site "Zadar CRO"]
[Date "2008.12.19"]
[Round "8"]
[White "Rusev,K"]
[Black "Cvitan,O"]
[Result "0-1"]
[WhiteElo "2541"]
[BlackElo "2541"]

1.d4 Nf6 2.c4 e6 3.Nf3 c5 4.d5 d6 5.Nc3 exd5 6.cxd5 g6 7.h3 Bg7 8.e4 O-O
9.Bg5 Re8 10.Bd3 c4 11.Bc2 b5 12.a3 Na6 13.O-O Nc5 14.Re1 Qb6 15.e5 dxe5
16.Nxe5 Bb7 17.Qf3 h6 18.Bh4 Ncd7 19.Bg3 Nxe5 20.Bxe5 Rad8 21.Rad1 Re7 22.Re2 Red7
23.Bd4 Qa6 24.Red2 Ne8 25.Qe3 Nf6 26.Be5 Re8 27.f4 Nh5 28.g4 Nxf4 29.Qxf4 Bxe5
30.Qxh6 Qb6+ 31.Kf1 Bg7 32.Qf4 Re3 33.h4 Be5 34.Qg5 Rf3+ 35.Kg2 Rg3+ 36.Kh1 Rxd5
37.Nxd5 Bxd5+ 38.Rxd5 Rh3+ 39.Kg2 Rh2+ 40.Kf3 Qf2+ 41.Ke4 Qe2+ 42.Qe3 Qxc2+
43.Kxe5 Re2 44.Qxe2 Qxe2+ 45.Kf4 Qf2+ 46.Ke4 Qxb2 47.h5 gxh5 48.gxh5 c3 49.Rd8+ Kh7
50.R1d7 Qb3 51.Rc7 Qe6+ 52.Kd3 Qf5+  0-1

[Event "5th Open"]
[Site "Vandoeuvre les Nancy FRA"]
[Date "2008.12.26"]
[Round "1"]
[White "Ruffenach,A"]
[Black "Velicka,P"]
[Result "0-1"]
[WhiteElo "2111"]
[BlackElo "2464"]

1.d4 Nf6 2.Nf3 c5 3.d5 e6 4.c4 d6 5.Nc3 exd5 6.cxd5 g6 7.e4 a6 8.Qa4+ Bd7
9.Qc2 b5 10.Be2 Bg7 11.O-O O-O 12.Bf4 Bg4 13.h3 Bxf3 14.Bxf3 Ne8 15.Rae1 Nd7
16.Qd2 c4 17.Bd1 Nc5 18.Bc2 Qa5 19.e5 b4 20.Nd1 dxe5 21.Bxe5 Bxe5 22.Rxe5 Nd6
23.Qh6 Ra7 24.Rfe1 Qxa2 25.Ne3 Qxb2 26.Nf5 Nxf5 27.Bxf5 Nd3 28.Bxd3 cxd3
29.Re8 Qg7 30.Rxf8+ Qxf8 31.Qe3 Re7 32.Qd2 Rxe1+ 33.Qxe1 Qc5 34.Qe8+ Kg7
35.Qe5+ f6 36.Qf4 Qxd5 37.Qc7+ Qf7 38.Qd6 b3 39.Qxd3 Qb7  0-1

[Event "1st Asian Clubs"]
[Site "Al Ain UAE"]
[Date "2008.12.28"]
[Round "4"]
[White "Weerawardane,R"]
[Black "Faraj,Y"]
[Result "1/2-1/2"]
[WhiteElo "2127"]
[BlackElo "2250"]

1.d4 Nf6 2.Nf3 c5 3.d5 e6 4.c4 exd5 5.cxd5 d6 6.Nc3 g6 7.e4 Bg7 8.Bd3 O-O
9.O-O Bg4 10.h3 Bxf3 11.Qxf3 Nbd7 12.Qd1 a6 13.a4 Re8 14.Re1 Qc7 15.f4 c4
16.Bc2 b5 17.axb5 axb5 18.Rxa8 Rxa8 19.Be3 Qb8 20.Bd4 b4 21.Ne2 Ra2 22.g4 Ne8
23.Bb1 Ra1 24.Bxg7 Nxg7 25.Qd4 Qc7 26.Rc1 g5 27.e5 dxe5 28.fxe5 Nxe5 29.Qe4 Ng6
30.Qd4 Ne8 31.Qe3 Qd8 32.Bxg6 Rxc1+ 33.Qxc1 hxg6 34.Qxc4 Nf6 35.Qxb4 Qxd5
36.Qd4 Qf3 37.Qf2 Qc6 38.Nd4 Qb6 39.Nf3 Qa5 40.Qd2 Qc5+ 41.Kg2 Ne4 42.b4 Qc4
43.Qd8+ Kh7 44.Nxg5+ Nxg5 45.Qxg5 Qxb4  1/2-1/2

[Event "Open A"]
[Site "Gjovik NOR"]
[Date "2008.12.30"]
[Round "2"]
[White "Skvortsov,M"]
[Black "Savchenko,Yuri RUS"]
[Result "1-0"]
[WhiteElo "2335"]
[BlackElo "2094"]

1.d4 Nf6 2.Nf3 e6 3.c4 c5 4.d5 exd5 5.cxd5 d6 6.Nc3 g6 7.e4 Bg7 8.Bd3 O-O
9.O-O a6 10.a4 b6 11.h3 Ra7 12.Bg5 h6 13.Bf4 Nh5 14.Bh2 Re8 15.Re1 Rae7 16.Qc2 Qc7
17.Nb1 Bd7 18.Na3 Bc8 19.Nc4 Rd7 20.Qb3 Bf8 21.Qxb6 Qxb6 22.Nxb6 Rb7 23.a5 Rd8
24.e5 dxe5 25.Nxe5 Bd6 26.Bc4 Rc7 27.Ng4 Bxh2+ 28.Kxh2 Bxg4 29.hxg4 Nf6 30.f3 Rd6
31.Re3 Nbd7 32.Re7 Nxb6 33.Rxc7 Nxc4 34.Rc6 Rxc6 35.dxc6 Nd6 36.Rd1 Nfe8
37.Rd5 c4 38.c7 Kf8 39.Rc5 Nc8 40.Rxc4 Ke7 41.Rc6 Kd7 42.Rxa6 Kxc7 43.b4 Ned6
44.Kg3 Kb7 45.b5 Nxb5 46.Rf6 Ncd6 47.Kf4 Kc7 48.Ke5 Nc4+ 49.Kd5 Nxa5 50.Rxf7+ Kd8
51.Rh7 Nc7+ 52.Kc5 Ne6+ 53.Kd6 Nf8 54.Rxh6 Ke8 55.Rh1 Kf7 56.Rc1 Kf6 57.Rc3 Ne6
58.g3 Nb7+ 59.Kc6 Nbd8+ 60.Kd7 Nf7 61.f4 Nf8+ 62.Ke8 Ne6 63.Rc6 Nd8 64.Rd6 Nb7
65.Rd7 Ng7+ 66.Kf8 Ne6+ 67.Kg8 Nbd8 68.Ra7 Nc5 69.Kh7 Nce6 70.Ra6 Kf7 71.g5 Nf8+
72.Kh6 Nde6 73.Ra7+ Kg8 74.Re7 Nd8 75.Rg7+ Kh8 76.Rxg6 Nxg6 77.Kxg6 Kg8 78.f5 Nc6
79.Kf6 Nd8 80.Ke7 Nc6+ 81.Ke8 Nd4 82.f6 Ne6 83.g6 Kh8 84.Ke7 Nf8 85.g7+ Kh7  1-0

[Event "5th IRT"]
[Site "Merlo ARG"]
[Date "2008.12.30"]
[Round "6"]
[White "Barrionuevo,P"]
[Black "Tomeo,N"]
[Result "1-0"]
[WhiteElo "2341"]
[BlackElo "2043"]

1.d4 Nf6 2.c4 e6 3.Nc3 c5 4.d5 exd5 5.cxd5 d6 6.Nf3 g6 7.h3 Bg7 8.e4 O-O
9.Bd3 a6 10.a4 Re8 11.O-O Nbd7 12.Re1 Qc7 13.Bf4 b6 14.Ra2 Bb7 15.Bh2 Ne5
16.Nxe5 dxe5 17.b3 Nh5 18.Qf3 Nf4 19.Bc4 Rad8 20.Ne2 Nxe2+ 21.Qxe2 Qc8 22.Rc2 f5
23.b4 Bf8 24.exf5 Qxf5 25.d6+ Kh8 26.g4 Qf6 27.bxc5 e4 28.Rb2 e3 29.fxe3 Bh6
30.Rxb6 Rxe3 31.Qxe3 Bxe3+ 32.Rxe3 Qd4 33.Be5+  1-0

[Event "XX Open"]
[Site "Roquetas de Mar ESP"]
[Date "2009.01.03"]
[Round "1"]
[White "Cruz,Cr"]
[Black "Martinez Rubi,A"]
[Result "1-0"]
[WhiteElo "2545"]
[BlackElo "1999"]

1.d4 e6 2.c4 Nf6 3.Nf3 c5 4.d5 d6 5.Nc3 exd5 6.cxd5 g6 7.Bf4 Bg7 8.e3 a6
9.a4 O-O 10.Be2 Qc7 11.Nd2 Nbd7 12.Nc4 Ne8 13.Ne4 Be5 14.Bxe5 Nxe5 15.Nxc5 dxc5
16.Nd6 Nxd6 17.Qd2 Qa5  1-0

[Event "TCh-BEL 2008-9"]
[Site "Belgium BEL"]
[Date "2009.01.04"]
[Round "6"]
[White "Winants,L"]
[Black "Ringoir,T"]
[Result "1/2-1/2"]
[WhiteElo "2516"]
[BlackElo "2354"]

1.d4 Nf6 2.c4 c5 3.d5 e6 4.Nc3 exd5 5.cxd5 d6 6.Nf3 g6 7.Bg5 Bg7 8.Nd2 O-O
9.e4 Na6 10.Be2 Nc7 11.a4 a6 12.O-O Rb8 13.a5 b5 14.axb6 Rxb6 15.Nc4 Rb8
16.f4 Qd7 17.e5 dxe5 18.d6 Nb5 19.Nxb5 axb5 20.Nxe5 Qe6 21.Nc6 Rb6 22.f5 Qd7
23.Ne7+ Kh8 24.Nxc8 Rxc8 25.fxg6 Rxd6 26.Qb3 c4 27.Qg3 Ne4 28.Qh4 Nxg5 29.Qxg5 Rxg6
30.Qh5 Bxb2 31.Rad1 Qa7+ 32.Kh1 b4 33.Bg4 Rf8 34.Bf5 Rg7 35.Rd6 f6 36.Rc6 Rc7
37.Re6 Re7 38.Qe2 Rxe6 39.Bxe6 Be5 40.Qxc4 Qe7  1/2-1/2

[Event "6th ch-Mediterranean"]
[Site "Antalya TUR"]
[Date "2009.01.12"]
[Round "3"]
[White "Ersahin,B"]
[Black "Hakki,I"]
[Result "0-1"]
[WhiteElo "2127"]
[BlackElo "2417"]

1.d4 Nf6 2.c4 e6 3.Nf3 c5 4.d5 d6 5.Nc3 exd5 6.cxd5 g6 7.e4 a6 8.a4 Bg4 9.Be2 Bxf3
10.Bxf3 Nbd7 11.Bf4 Qe7 12.Qb3 Rb8 13.O-O Bg7 14.a5 O-O 15.Na4 Ne5 16.Bxe5 Qxe5
17.Nb6 Rfd8 18.Nc4 Qe7 19.Qc2 Nd7 20.Ra3 Ne5 21.Rb3 Rf8 22.Be2 Nxc4 23.Qxc4 Bd4
24.Rb6 Qxe4 25.Rxd6 Rfe8 26.Bd3 Qf4 27.Rd7 b5 28.axb6 Rxb6 29.b3 Re1 30.Qc2 Rf6
31.Rxe1 Bxf2+ 32.Kh1 Bxe1 33.Qxc5 Bb4 34.Qg1 Qd2 35.Bc4 Kg7 36.d6 Bxd6 37.Bxa6 h5
38.Bc4 h4 39.h3 Qf4 40.Rb7 Qg3 41.Rd7 g5 42.Rd8 g4 43.Rd7 Kf8 44.Rxf7+ Rxf7
45.Bxf7 Kxf7 46.hxg4 Kg8 47.b4 Bf4 48.b5 Be5 49.b6 Bf4 50.b7 Bb8 51.g5 Bc7
52.g6 Bd6 53.g7 Bb8  0-1

[Event "Bela Perenyi Mem"]
[Site "Budapest HUN"]
[Date "2009.01.13"]
[Round "5"]
[White "Papagorasz,T"]
[Black "Teglas,B"]
[Result "1/2-1/2"]
[WhiteElo "2224"]
[BlackElo "2127"]

1.d4 Nf6 2.Nf3 e6 3.c4 c5 4.d5 exd5 5.cxd5 d6 6.Nc3 a6 7.a4 Nbd7 8.g3 g6
9.Bg2 Bg7 10.O-O O-O 11.Nd2 Rb8 12.Nc4 Nb6 13.Na3 Re8 14.a5 Na8 15.Nc4 Nc7
16.Bf4 Bf8 17.e4 Nb5 18.Re1 Ng4 19.h3 Ne5 20.Bxe5 dxe5 21.Qd3 Nd4 22.Nb6 Bd7
23.Nxd7 Qxd7 24.Reb1 Bd6 25.Na4 Qb5 26.Qxb5 axb5 27.Nb6 Red8 28.Bf1 c4 29.Bxc4 bxc4
30.Nxc4 Rbc8 31.b3 Rc5 32.Kg2 Rb5 33.a6 bxa6 34.Rxa6 Bb8 35.Rb6 Rxb6 36.Nxb6 Ba7
37.Nc4 f6 38.b4 Nb5 39.Na5 Bb6 40.Nc6 Ra8 41.Rb2 Kf7 42.f4 Bc7 43.fxe5 fxe5
44.Rf2+ Kg7 45.Rc2 Rf8 46.Rc5 Nd6 47.Nd4 exd4 48.Rxc7+ Rf7 49.Rxf7+ Kxf7
50.e5 Nc4 51.e6+ Ke7 52.Kf3 d3 53.b5 Kd6 54.h4 h5 55.Kf2 Nb6 56.Ke3 Nxd5+
57.Kxd3 Kxe6 58.Kd4 Kd6 59.Ke4 Ke6 60.Kd4 Kd6 61.Ke4 Nf6+ 62.Kf4 Nh7 63.b6 Kc6
64.Ke5 Kxb6 65.Ke6 Kc6 66.Kf7 g5 67.Kg7 gxh4 68.gxh4 Kd5 69.Kxh7 Ke5 70.Kg6 Kf4
71.Kxh5 Kf5 72.Kh6 Kf6 73.Kh7 Kf7 74.h5 Kf8  1/2-1/2

[Event "TCh-BEL 2008-9"]
[Site "Belgium BEL"]
[Date "2009.01.18"]
[Round "7"]
[White "Pucher,O"]
[Black "De Haan,E"]
[Result "1-0"]
[WhiteElo "2329"]
[BlackElo "2364"]

1.d4 Nf6 2.c4 c5 3.d5 e6 4.Nc3 exd5 5.cxd5 d6 6.Nf3 g6 7.g3 Bg7 8.Bg2 O-O
9.O-O a6 10.a4 Nbd7 11.Bf4 Qe7 12.h3 Rb8 13.Rb1 b5 14.axb5 axb5 15.b4 Nh5
16.Bg5 Qe8 17.Qd2 Ne5 18.bxc5 dxc5 19.Nxe5 Bxe5 20.g4 Ng7 21.Be3 b4 22.Ne4 f5
23.Nxc5 fxg4 24.hxg4 Bxg4 25.Rxb4 Rxb4 26.Qxb4 Bxe2 27.Re1 Qb5 28.Qd2 Bf3
29.Bxf3 Rxf3 30.d6 Qc4 31.d7 Qg4+ 32.Kf1 Qh3+ 33.Ke2 Qg4 34.Qd5+ Rf7+ 35.Kf1 Qh3+
36.Ke2 Qg4+ 37.f3 Qg2+ 38.Bf2 Bc7 39.d8=Q+ Bxd8 40.Qxd8+ Rf8 41.Qd5+ Kh8
42.Ra1 Nh5 43.Ne6 Ng3+ 44.Ke3 Nf5+ 45.Kd3 Qxf2 46.Nxf8 Qe3+ 47.Kc4 Qf4+ 48.Kb3 Nd4+
49.Kc3 Qe3+ 50.Kc4 Qb3+ 51.Kxd4 Qb2+ 52.Ke4 Qxa1 53.Qe5+ Qxe5+ 54.Kxe5 Kg7
55.Ne6+ Kf7 56.Ng5+ Kg7 57.Ke6 h6 58.Nh3 h5 59.Ng5 Kh6 60.Kf6 h4 61.Nh3 Kh5
62.Kg7 g5 63.Kf6 Kh6 64.Nxg5 Kh5 65.Nh3 Kh6 66.Ke6 Kg6 67.f4 Kh5 68.Kf5  1-0

[Event "IMB"]
[Site "Marianske Lazne CZE"]
[Date "2009.01.21"]
[Round "6"]
[White "Terekhov,A"]
[Black "Plischki,S"]
[Result "1/2-1/2"]
[WhiteElo "2347"]
[BlackElo "2418"]

1.d4 Nf6 2.c4 e6 3.Nf3 c5 4.d5 exd5 5.cxd5 d6 6.Nc3 g6 7.g3 Bg7 8.Bg2 O-O
9.O-O Re8 10.Nd2 a6 11.a4 Nbd7 12.h3 Rb8 13.Nc4 Ne5 14.Na3 Nh5 15.e4 Bd7
16.a5 Qxa5 17.g4  1/2-1/2

[Event "GM"]
[Site "Marianske Lazne CZE"]
[Date "2009.01.21"]
[Round "6"]
[White "Vokac,M"]
[Black "Kurmann,O"]
[Result "1/2-1/2"]
[WhiteElo "2454"]
[BlackElo "2415"]

1.d4 e6 2.Nf3 Nf6 3.c4 c5 4.d5 exd5 5.cxd5 d6 6.Nc3 g6 7.Bg5 Bg7 8.Nd2 O-O
9.e3 h6 10.Bh4 Re8 11.Be2 Na6 12.a4 Nc7 13.Nc4 b6 14.Bg3 Bf8 15.O-O Ba6 16.Re1 Bxc4
17.Bxc4 Nh5 18.Bb5 Nxb5  1/2-1/2

[Event "ch-PriFO"]
[Site "Kazan RUS"]
[Date "2009.01.23"]
[Round "3"]
[White "Akhmadeev,Vad"]
[Black "Aldokhin,I"]
[Result "1-0"]
[WhiteElo "2424"]
[BlackElo "2251"]

1.d4 Nf6 2.c4 e6 3.Nc3 c5 4.d5 exd5 5.cxd5 d6 6.Nf3 g6 7.Nd2 Nbd7 8.e4 Bg7
9.Be2 O-O 10.O-O Re8 11.a4 b6 12.Qc2 a6 13.Nc4 Ne5 14.Nxe5 Rxe5 15.Bf4 Re8
16.h3 Ra7 17.Bh2 Rae7 18.f3 Qc7 19.Kh1 c4 20.Rfd1 Nd7 21.Bf1 Bb7 22.Rac1 Rc8
23.Qd2 Qb8 24.Na2 b5 25.axb5 axb5 26.Qb4 Rc5 27.Nc3 Be5 28.Ra1 Bxh2 29.Kxh2 Bc8
30.Ra5 Nf6 31.Rxb5 Rxb5 32.Qxb5 Rb7 33.Qxc4 Rxb2 34.Nb5 Kg7 35.Nd4 Bd7 36.Qc3 Qb6
37.Bc4 Rb4 38.Rc1 h5 39.Nc2 Rb2 40.Ne3 Rf2 41.Nd1 h4 42.Nxf2 Qxf2 43.Qe1 Qb2
44.Kh1 g5 45.Qc3 Qf2 46.e5 dxe5 47.Qxe5 Qd2 48.Ra1 Bc8 49.Rb1  1-0

[Event "Queenstown Classic"]
[Site "Queenstown NZL"]
[Date "2009.01.23"]
[Round "9"]
[White "Jones,B"]
[Black "Matheson,L"]
[Result "1/2-1/2"]
[WhiteElo "2074"]
[BlackElo "1943"]

1.d4 Nf6 2.c4 c5 3.d5 e6 4.Nc3 exd5 5.cxd5 d6 6.Nf3 g6 7.Nd2 b6 8.e4 Bg7
9.Bb5+ Bd7 10.Be2 Qe7 11.O-O O-O 12.a4 Bc8 13.Nc4 Nxe4 14.Nxe4 Qxe4 15.Nxd6 Qh4
16.Nxc8 Rxc8 17.Ra3 Nd7 18.Rh3 Qf6 19.Rf3 Qd6 20.Bf4 Be5 21.Qd2 Re8 22.Bb5 Red8  1/2-1/2

[Event "Queenstown Classic"]
[Site "Queenstown NZL"]
[Date "2009.01.23"]
[Round "9"]
[White "Jones,B"]
[Black "Matheson,L"]
[Result "1/2-1/2"]
[WhiteElo "2074"]
[BlackElo "1943"]

1.d4 Nf6 2.c4 c5 3.d5 e6 4.Nc3 exd5 5.cxd5 d6 6.Nf3 g6 7.Nd2 b6 8.e4 Bg7
9.Bb5+ Bd7 10.Be2 Qe7 11.O-O O-O 12.a4 Bc8 13.Nc4 Nxe4 14.Nxe4 Qxe4 15.Nxd6 Qh4
16.Nxc8 Rxc8 17.Ra3 Nd7 18.Rh3 Qf6 19.Rf3 Qd6 20.Bf4 Be5 21.Qd2 Re8 22.Bb5 Rad8  1/2-1/2

[Event "ch-PriFO"]
[Site "Kazan RUS"]
[Date "2009.01.28"]
[Round "8"]
[White "Stepulev,A"]
[Black "Ivanov,Ro"]
[Result "0-1"]
[WhiteElo "2067"]
[BlackElo "2252"]

1.d4 Nf6 2.c4 c5 3.d5 e6 4.Nc3 exd5 5.cxd5 d6 6.Nf3 g6 7.g3 Bg7 8.Bg2 O-O
9.O-O Na6 10.Nd2 Nc7 11.Nc4 b5 12.Nxd6 Qxd6 13.Bf4 Qd7 14.d6 Ne6 15.Bxa8 Nxf4
16.gxf4 Qg4+ 17.Bg2 Qxf4 18.Qd3 Bd7 19.Rad1 Re8 20.Qg3 Qb4 21.Rb1 Nh5 22.Qf3 Qh4
23.Nd5 Be5 24.h3 Bxd6 25.Rfd1 Bf5 26.Rbc1 Re6 27.Ne3 Be4 28.Qg4 Qe7 29.Rxd6 Qxd6
30.Bxe4 Nf6 31.Qf3 Nxe4 32.Rd1 Qe5 33.Rd8+ Kg7 34.Ng4 Qc7 35.Qd3 h5 36.Rd7 Qf4
37.Qe3 Qxe3 38.Nxe3 a6 39.Rc7 c4 40.a4 Rd6 41.axb5 axb5 42.Rb7 Rd2 43.Rxb5 Rxe2
44.Re5 f5 45.Nxc4 Rc2 46.Re7+ Kf6 47.Rc7 Nxf2 48.h4 Nd3 49.b3 f4 50.Rc6+ Ke7
51.Rxg6 f3 52.Rg3 Rc1+ 53.Kh2 f2 54.Re3+ Kf6 55.Rf3+ Ke6 56.Nd2 Rd1 57.Nf1 Rxf1  0-1

[Event "TCh-BEL 2008-9"]
[Site "Belgium BEL"]
[Date "2009.02.02"]
[Round "8"]
[White "Wiersma,E"]
[Black "Alienkin,A"]
[Result "1/2-1/2"]
[WhiteElo "2414"]
[BlackElo "2402"]

1.d4 Nf6 2.c4 c5 3.d5 e6 4.Nc3 exd5 5.cxd5 d6 6.Nf3 g6 7.Nd2 Bg7 8.e4 O-O
9.Be2 Na6 10.O-O Re8 11.f3 Nc7 12.a4 b6 13.Nc4 Ba6 14.Rb1 Bxc4 15.Bxc4 Nd7
16.Nb5 Ne5 17.Nxc7 Qxc7 18.Bb5 Rf8 19.Be3 f5 20.exf5 gxf5 21.Qd2 a6 22.Be2 Qd7
23.b3 b5 24.Qc2 Rae8 25.Bf2 Ng6 26.Rfe1 Nf4 27.Bf1 Nxd5 28.axb5 axb5 29.Qd3 Nc3
30.Rbc1 Rxe1 31.Rxe1 Rf7  1/2-1/2

[Event "ITT IEP"]
[Site "Curitiba BRA"]
[Date "2009.02.07"]
[Round "8"]
[White "Mareco,S"]
[Black "Choma,E"]
[Result "1-0"]
[WhiteElo "2503"]
[BlackElo "2281"]

1.d4 Nf6 2.c4 c5 3.d5 e6 4.Nc3 exd5 5.cxd5 d6 6.Nf3 g6 7.Nd2 Nbd7 8.e4 Bg7
9.Be2 O-O 10.O-O Re8 11.a4 a6 12.f4 Rb8 13.Kh1 c4 14.e5 dxe5 15.Nxc4 e4 16.Be3 Bf8
17.d6 b6 18.f5 g5 19.Bxg5 b5 20.axb5 axb5 21.Ne3 Rb6 22.Bxb5 Rxd6 23.Qe1 Be7
24.Ra8 Nb6 25.Ra7 Bd7 26.Bxf6 Rxf6 27.Bxd7 Nxd7 28.Qg3+ Kh8 29.Rd1  1-0

[Event "ch-CZE"]
[Site "Decin CZE"]
[Date "2009.02.16"]
[Round "7"]
[White "Stocek,J"]
[Black "Simacek,P"]
[Result "1/2-1/2"]
[WhiteElo "2586"]
[BlackElo "2493"]

1.d4 Nf6 2.c4 c5 3.d5 e6 4.Nc3 exd5 5.cxd5 d6 6.Nf3 g6 7.Bf4 a6 8.a4 Bg7
9.h3 O-O 10.e3 Qe7 11.Be2 Nbd7 12.O-O Ne8 13.Qc2 Rb8 14.a5 Nc7 15.Rfd1 b5
16.axb6 Rxb6 17.Bg5 Bf6 18.Bxf6 Nxf6 19.Nd2 Rb4 20.Bf3 Bf5 21.e4 Bd7 22.Re1 Rfb8
23.b3 Nb5 24.Nxb5 Bxb5 25.Qc3 Rd4 26.Re3 Nd7 27.Rae1 Ne5 28.Be2 Qf6 29.Nf3 Nxf3+
30.Bxf3 Qe5 31.g3 Re8 32.Qc2 c4 33.bxc4 Rxc4 34.Qb1 Rec8 35.Bg4 R8c5 36.Be2 Rc2
37.Bxb5 axb5 38.Rf3 Qd4 39.Qa1 Qd2 40.Rf1 R5c3 41.Rxc3 Rxc3 42.Qa6 Qd4 43.Qxd6 b4
44.Qf4 b3 45.d6 b2 46.d7 Qxd7 47.Qb8+ Rc8 48.Qxb2 Qxh3  1/2-1/2

[Event "US Amateur Team-ch East"]
[Site "Parsipanny USA"]
[Date "2009.02.16"]
[Round "6"]
[White "Feuerstein,A"]
[Black "Kacheishvili,G"]
[Result "0-1"]
[WhiteElo "2102"]
[BlackElo "2590"]

1.d4 Nf6 2.c4 e6 3.Nf3 c5 4.d5 d6 5.Nc3 exd5 6.cxd5 g6 7.Bf4 Bg7 8.Qa4+ Bd7
9.Qb3 Qc7 10.e4 O-O 11.Be2 Nh5 12.Be3 a6 13.a4 Bg4 14.h3 Bxf3 15.Bxf3 Nf6
16.O-O Nbd7 17.Be2 Rfe8 18.Qc2 Re7 19.Rfe1 Rae8 20.Bf3 c4 21.Bf4 Nc5 22.Re2 Nfd7
23.g4 Nb3 24.Rd1 Nd4 25.Rxd4 Bxd4 26.Nd1 Ne5 27.Bg2 Nd3 28.Be3 Qc5 29.Kh1 b5
30.axb5 axb5 31.Nc3 Ra8 32.Bxd4 Qxd4 33.Bf1 Ra1 34.Kg1 b4 35.Nd1 Rxe4 36.Ne3 Ne1
37.Qxc4 Nf3+ 38.Kg2 Nh4+ 39.Kg3 Qe5+ 40.Kxh4 Qf6+ 41.Kg3 Qf4+ 42.Kg2 Rxc4
43.Nxc4 Rxf1 44.Nxd6 Rd1  0-1

[Event "TCh-HUN 2008-9"]
[Site "Budapest HUN"]
[Date "2009.02.22"]
[Round "8"]
[White "Toth,E"]
[Black "Parkanyi,A"]
[Result "1/2-1/2"]
[WhiteElo "2401"]
[BlackElo "2361"]

1.d4 Nf6 2.c4 c5 3.d5 e6 4.Nc3 exd5 5.cxd5 d6 6.Nf3 g6 7.Nd2 Nbd7 8.e4 Bg7
9.Be2 O-O 10.O-O Re8 11.f4 c4 12.Kh1 Nc5 13.Bf3 Rb8 14.a4 b6 15.Qc2 Ba6 16.Nb5 Bxb5
17.axb5 Qd7 18.e5 dxe5 19.fxe5 Nxd5 20.Nxc4 Nb4 21.Qc3 Qd3 22.Bg5 h6 23.Qxb4 hxg5
24.Rad1 Qc2 25.Bd5 Re7 26.Rd2 Qa4 27.Qc3 Rf8 28.b4 Nd7 29.Re1 Qxb5 30.h4 a5
31.bxa5 bxa5 32.hxg5 Nb6 33.Nxb6 Qxb6 34.Rde2 Qb4 35.Qg3 Qd4 36.Ba2 Re6 37.Re4 Qd2
38.Bxe6 fxe6 39.Qb3 Qd7 40.R1e3 Rf5 41.Rf3 Bf8 42.Rxf5 gxf5 43.Rh4 Bg7 44.Qb8+ Kf7
45.Qd6 Qc8 46.Rd4 Qc1+ 47.Rd1 Qc4 48.Qd7+ Kg6 49.Qe8+ Kxg5 50.Qd8+ Kg6 51.Qxa5 Qh4+
52.Kg1 Qf4 53.Re1 Qd4+ 54.Kf1 Qf4+ 55.Kg1 Qd4+  1/2-1/2

[Event "TCh-HUN 2008-9"]
[Site "Budapest HUN"]
[Date "2009.02.22"]
[Round "8"]
[White "Horvath,Dav"]
[Black "Rapport,R"]
[Result "0-1"]
[WhiteElo "2104"]
[BlackElo "2323"]

1.d4 Nf6 2.c4 c5 3.d5 e6 4.Nc3 exd5 5.cxd5 d6 6.Nf3 g6 7.Nd2 Nbd7 8.e4 Bg7
9.Qc2 O-O 10.Bd3 Ne5 11.O-O Nh5 12.Nc4 Nxd3 13.Qxd3 f5 14.Rd1 f4 15.Nd2 Nf6
16.Rb1 Nd7 17.Nc4 f3 18.gxf3 b6 19.f4 Ba6 20.a4 Nf6 21.Nb5 Qd7 22.Ne3 Qh3
23.Nc4 Qg4+ 24.Kh1 Nxe4 25.Rf1 Rae8 26.Be3 Qf3+ 27.Kg1 Rxf4 28.Rfd1 Ng5 29.Rd2 Nh3+
30.Kf1 Rg4  0-1

[Event "ch-EST"]
[Site "Rakvere EST"]
[Date "2009.02.24"]
[Round "7"]
[White "Volodin,Alek"]
[Black "Vovk,I"]
[Result "1-0"]
[WhiteElo "2401"]
[BlackElo "2283"]

1.d4 Nf6 2.c4 e6 3.Nf3 c5 4.d5 exd5 5.cxd5 d6 6.Nc3 a6 7.a4 g6 8.h3 Qe7 9.Nd2 Bg7
10.g3 O-O 11.Bg2 Nbd7 12.O-O Nh5 13.Nc4 f5 14.Ra3 Rb8 15.a5 Ne5 16.Nxe5 Bxe5
17.Bh6 Rf7 18.Qd2 b5 19.axb6 Rxb6 20.Bf3 f4 21.g4 Ng7 22.Ra4 Bd7 23.Rc4 Bb5
24.Re4 Qf6 25.h4 Qxh4 26.Rxe5 Qxh6 27.Re6 Qg5 28.Ne4 Qd8 29.g5 Nxe6 30.dxe6 Rf5
31.Bg4 Rxg5 32.Qxf4 Rxg4+ 33.Qxg4 Qe7 34.f4 Bxe2 35.Qxe2 Qxe6 36.Qg2 Rb4
37.Ng5 Qe3+ 38.Kh1 Kg7 39.Qd5 Qe7 40.Ne6+ Kh6 41.Rf2 g5 42.Rh2+ Kg6 43.f5+  1-0